| 000 | 00384 a2200145 4500 | ||
|---|---|---|---|
| 001 | 169809 | ||
| 020 | _a | ||
| 040 | _cMagnum | ||
| 100 | _aColegio Brasileiro de Ciencias do Esporte | ||
| 240 | 1 | 0 |
_aX congresso brasileiro de ciencias do esporte/v.2 _lpor |
| 245 | 1 | 0 | _aX congresso brasileiro de ciencias do esporte/v.2 |
| 362 | 0 | _a1899 | |
| 697 | _aEDUCACAO FISICA | ||
| 942 | _cBK | ||
| 999 |
_c169809 _d169809 |
||